Life of Pi

Αποθηκεύτηκε σε:
Λεπτομέρειες βιβλιογραφικής εγγραφής
Κύριος συγγραφέας: Martel, Yann
Μορφή: Βιβλίο
Γλώσσα:English
Δημοσίευση: New York : Canongate, 2003.
Θέματα:
Ετικέτες: Προσθήκη ετικέτας
Δεν υπάρχουν, Καταχωρήστε ετικέτα πρώτοι!

MARC

LEADER 00000cam a2200000 i 4500
001 1/7623
008 100519s2003 nyu| ||| |||| ||eng||
020 |a 9781841953922 
035 |l 10107930 
040 |a GR-MyUA  |b gre  |e AACR2 
041 0 |a eng 
082 0 |a 813.54  |2 (22) 
100 1 |a Martel, Yann. 
245 1 0 |a Life of Pi /   |c Yann Martel.  
260 |a New York :   |b Canongate,   |c 2003.  
300 |a xiv, 319 σ. ;   |c 20 εκ.  
650 0 0 |a Survival after airplane accidents, shipwrecks, etc.  |x Fiction. 
650 0 0 |a Human-animal relationships  |x Fiction. 
650 0 0 |a Pacific Ocean  |x Fiction. 
650 0 0 |a Storytelling  |x Fiction. 
650 0 0 |a Teenage boys  |x Fiction. 
650 0 0 |a Ocean travel  |x Fiction. 
650 0 0 |a Zoo animals  |x Fiction. 
650 0 0 |a Orphans  |x Fiction. 
650 0 0 |a Tigers  |x Fiction. 
650 0 0 |a Psychological fiction. 
650 0 0 |a Adventure films  |x Fiction. 
767 0 8 |i Μεταφρασμένο ως:   |t Η ζωή του Πι /  
852 |a INST  |b SAMOS  |e 20100519  |h 813.54 MAR  |p 005300031847  |q 005300031847  |t BK  |y 0 
901 |a BIBL3-2010-2 
909 |a Σ  |b 162353 
970 |a ΣΙΤΖΙΜΗ  |b ΓΙΑΣΕΜΗ  |z 2010/05/19